• 首页
  • 本馆介绍
  • 公告通知
  • 最新文献
  • 馆藏检索
  • 电子资源
  • 读者导购
  • 参考咨询
  • 我的图书馆
  • 登录
  • 详细信息显示
  • 放入我的书架
  • 预约/预借图书
  • 作者相关作品
  • 分类相关作品
  • 丛书相关作品
  • 出版社相关作品

书目信息

  • 表格格式
  • 工作单格式
  • 卡片格式
题名:
经济情操论
    
 
作者: 罗斯柴尔德 著 ;赵劲松 , 别曼 译
分册:  
出版信息: 北京   社会科学文献出版社  2013.3
页数: 301页
开本: 24cm
丛书名:
单 册:
中图分类: F0-08
科图分类:
主题词: 西方经济学
电子资源:
ISBN: 978-7-5097-2990-8
000 01466nam0 2200289 450
001 523
005 20140908143329.40
010    @a978-7-5097-2990-8@dCNY59.00
100    @a20130509d2013 em y0chiy50 ea
101 1  @achi@ceng
102    @aCN@b110000
105    @ay z 000yy
106    @ar
200 1  @a经济情操论@AJing Ji Qing Cao Lun@e亚当·斯密、孔多塞与启蒙运动@EYa Dang· Si Mi、 Kong Duo Sai Yu Qi Meng Yun Dong@dEconomic sentiments@eAdam Smith, Condorcet, and the enlightenment@f(英)艾玛·罗斯柴尔德(Emma Rothschild)著@F( Ying ) Ai Ma· Luo Si Chai Er De (Emma Rothschild) Zhu@g赵劲松,别曼译@zeng
210    @a北京@c社会科学文献出版社@d2013.3
215    @a301页@d24cm
305    @a本书根据哈佛大学出版社2002年版译出
330    @a本书作者重新阐释了伟大的、革命性的政治经济学家们的观点,向读者展示了那个时代真正的经济和政治思想,这些思想对我们今天仍然有重要影响。作为经济史、政治思想史的一个基准,书中揭示了自由放任经济思想的根源以及这一思想和一个喧嚣世界中的政治保守主义之间的联系。
510 1  @aEconomic sentiments@eAdam Smith, Condorcet, and the enlightenment@zeng
517 1  @a亚当·斯密、孔多塞与启蒙运动@AYa Dang· Si Mi、 Kong Duo Sai Yu Qi Meng Yun Dong
606 0  @a西方经济学
690    @aF0-08@v5
701  0 @c(英)@a罗斯柴尔德@ALuo Si Chai Er De@c(女,Rothschild, Emma)@4著
702  0 @a赵劲松@AZhao Jin Song@c(经济史)@4译
702  0 @a别曼@ABie Man@4译
801  0 @aCN@bTANGWEI@c20140603
905    @b0838252-54@dF0-08@e422@f3
    
    经济情操论:亚当·斯密、孔多塞与启蒙运动=Economic sentiments:Adam Smith, Condorcet, and the enlightenment/(英)艾玛·罗斯柴尔德(Emma Rothschild)著/赵劲松,别曼译.-北京:社会科学文献出版社,2013.3
    301页;24cm
    
    
    ISBN 978-7-5097-2990-8:CNY59.00
    本书作者重新阐释了伟大的、革命性的政治经济学家们的观点,向读者展示了那个时代真正的经济和政治思想,这些思想对我们今天仍然有重要影响。作为经济史、政治思想史的一个基准,书中揭示了自由放任经济思想的根源以及这一思想和一个喧嚣世界中的政治保守主义之间的联系。
●
相关链接 在E读中查询图书 在五车中查询图书 在当当中查询图书 在豆瓣中查询图书


正题名:经济情操论     索取号:F0-08/422         预约/预借

序号 登录号 条形码 馆藏地/架位号 状态 备注
1 0838252   208382524   第一样本阅览室/ [索取号:F0-08/422] 在馆    
2 0838253   208382533   密集书库-海洋学院/ [索取号:F0-08/422] 在馆    
3 0838254   208382542   第一借阅区/ [索取号:F0-08/422] 在馆    
唐山师范学院图书馆 欢迎您!
大连网信软件有限公司© 版权所有